Dewey decimal classification and relative index / (Record no. 37720)
[ view plain ]
| 000 -LEADER | |
|---|---|
| fixed length control field | 01657nam a2200445 a 4500 |
| 001 - CONTROL NUMBER | |
| control field | 37720 |
| 003 - CONTROL NUMBER IDENTIFIER | |
| rucl marc code | BD-RjUL |
| 005 - DATE AND TIME OF LATEST TRANSACTION | |
| control field | 20211209052636.0 |
| 008 - FIXED-LENGTH DATA ELEMENTS--GENERAL INFORMATION | |
| fixed length control field | 150318s2011 ohu b 001 0 eng |
| 020 ## - INTERNATIONAL STANDARD BOOK NUMBER | |
| International Standard Book Number | 9781910608814 (set : alk. paper) |
| International Standard Book Number | 1910608815 (set : alk. paper) |
| International Standard Book Number | 9781910608807 (vol. 1 : alk. paper) |
| International Standard Book Number | 1910608807 (vol. 1 : alk. paper) |
| International Standard Book Number | 9781910608760 (vol. 2 : alk. paper) |
| International Standard Book Number | 1910608769 (vol. 2 : alk. paper) |
| International Standard Book Number | 9781910608791 (vol. 3 : alk. paper) |
| International Standard Book Number | 1910608793 (vol. 3 : alk. paper) |
| International Standard Book Number | 9781910608784 (vol. 4 : alk. paper) |
| International Standard Book Number | 1910608785 (vol. 4 : alk. paper) |
| 035 ## - SYSTEM CONTROL NUMBER | |
| System control number | (BD-RjUL)37824 |
| 040 ## - CATALOGING SOURCE | |
| Original cataloging agency | DLC |
| Transcribing agency | DLC |
| Modifying agency | DLC |
| -- | BD-RjUL |
| Language of cataloging | eng |
| 041 ## - LANGUAGE CODE | |
| Language code of text/sound track or separate title | eng |
| 082 00 - DEWEY DECIMAL CLASSIFICATION NUMBER | |
| Classification number | 025.431 |
| Edition number | 22 |
| Author mark and year | DED |
| 100 1# - MAIN ENTRY--PERSONAL NAME | |
| Personal name | Dewey, Melvil, |
| Dates associated with a name | 1851-1931. |
| 9 (RLIN) | 116337 |
| 245 10 - TITLE STATEMENT | |
| Title | Dewey decimal classification and relative index / |
| Statement of responsibility, etc. | devised by Melvil Dewey. |
| Number of part/section of a work | Volume 3, |
| Name of part/section of a work | Schedules 600-999 |
| 250 ## - EDITION STATEMENT | |
| Edition statement | Ed. 23 / |
| 260 ## - PUBLICATION, DISTRIBUTION, ETC. (IMPRINT) | |
| Place of publication, distribution, etc. | Dublin, Ohio : |
| Name of publisher, distributor, etc. | OCLC Online Computer Library Center, Inc., |
| Date of publication, distribution, etc. | 2011. |
| 300 ## - PHYSICAL DESCRIPTION | |
| Pagination | 4 v. ; |
| Size | 25 cm. |
| 504 ## - BIBLIOGRAPHY, ETC. NOTE | |
| Bibliography, etc | Includes bibliographical references and index. |
| 505 0# - FORMATTED CONTENTS NOTE | |
| Formatted contents note | v. 1. Manual. Tables -- v. 2. Schedules 000-599 -- v. 3. Schedules 600-999 -- v. 4. Relative index. |
| 650 #0 - SUBJECT ADDED ENTRY--TOPICAL TERM | |
| Topical term or geographic name as entry element | Classification, Dewey decimal. |
| 9 (RLIN) | 116338 |
| 700 1# - ADDED ENTRY--PERSONAL NAME | |
| Personal name | Mitchell, Joan S. |
| Personal name | Beall, Julianne, |
| Dates associated with a name | 1946- |
| Personal name | Green, Rebecca, |
| Dates associated with a name | 1952- |
| Personal name | Martin, Giles. |
| Personal name | Panzer, Michael, |
| Dates associated with a name | 1974- |
| 942 ## - ADDED ENTRY ELEMENTS (KOHA) | |
| Source of classification or shelving scheme | Dewey Decimal Classification |
| Koha item type | Books |
| Lost status | Source of classification or shelving scheme | Damaged status | Not for loan | Collection code | Permanent Location | Current Location | Shelving location | Date acquired | Source of acquisition | Cost, normal purchase price | Total Checkouts | Full call number | Date last seen | Copy number | Koha item type |
|---|---|---|---|---|---|---|---|---|---|---|---|---|---|---|---|
| Dewey Decimal Classification | Not For Loan | Non-fiction | Central Library, University of Rajshahi | Central Library, University of Rajshahi | 20/03/2016 | Naj photostate | 400.00 | 025.431 DED V-3 2011 | 18/03/2015 | C-1 | Books | ||||
| Dewey Decimal Classification | Not For Loan | Non-fiction | Central Library, University of Rajshahi | Central Library, University of Rajshahi | 20/03/2016 | Naj photostate | 400.00 | 025.431 DED V-3 2011 | 18/03/2015 | C-2 | Books | ||||
| Dewey Decimal Classification | Not For Loan | Non-fiction | Central Library, University of Rajshahi | Central Library, University of Rajshahi | 31/05/2015 | Naz Photostate, Rajshahi | 400.00 | 025.431 DED V-3 2011 | 02/06/2015 | C-3 | Books | ||||
| Dewey Decimal Classification | Not For Loan | Non-fiction | Central Library, University of Rajshahi | Central Library, University of Rajshahi | 31/05/2015 | Naz Photostate, Rajshahi | 400.00 | 025.431 DED V-3 2011 | 02/06/2015 | C-4 | Books | ||||
| Dewey Decimal Classification | Not For Loan | Non-fiction | Central Library, University of Rajshahi | Central Library, University of Rajshahi | 31/05/2015 | Naz Photostate, Rajshahi | 400.00 | 025.431 V-3 DED 2011 | 04/06/2015 | C-5 | Books |